000 00448nam a2200169Ia 4500
003 GCL
008 140319s9999 xx 000 0 ara d
040 _aGCL /
_cGCL
082 0 4 _a823.03
_bس م
100 1 _aسومرست هوم
245 1 0 _aالمأزق /
_cسومرست هوم
260 _a[S.N] :
_bالمكتبة الثقافية ،
_c1990
300 _a215
490 _a
650 0 4 _aالقصص الانجليزية
942 _2ddc
_cBK
999 _c54768
_d54768